After effects(r) 5 bible / (Record no. 11791)
[ view plain ]
| 000 -LEADER | |
|---|---|
| fixed length control field | 00339cam a22001454a 4500 |
| 020 ## - INTERNATIONAL STANDARD BOOK NUMBER | |
| ISBN | 0764536559 |
| 040 ## - CATALOGING SOURCE | |
| Transcribing agency | DLC |
| 082 ## - DEWEY DECIMAL CLASSIFICATION NUMBER | |
| Classification number | 778 HUN 2002 A086 Or. |
| 100 1# - MAIN ENTRY--AUTHOR NAME | |
| Personal name | Marshall, J. J. |
| 245 10 - TITLE STATEMENT | |
| Title | After effects(r) 5 bible / |
| 250 ## - EDITION STATEMENT | |
| Edition statement | 1st ed. |
| 260 ## - PUBLICATION, DISTRIBUTION, ETC. (IMPRINT) | |
| Place of publication | Indianapolis, IN : |
| Name of publisher | Hungry Minds, |
| Year of publication | 2002. |
| 300 ## - PHYSICAL DESCRIPTION | |
| Number of Pages | p. |
| Dimensions | cm. |
| 942 ## - ADDED ENTRY ELEMENTS (KOHA) | |
| Koha item type | សៀវភៅភាសាអង់គ្លេស |
| 952 ## - LOCATION AND ITEM INFORMATION (KOHA) | |
| Withdrawn status [LOCAL, KOHA] | 0 |
| 952 ## - LOCATION AND ITEM INFORMATION (KOHA) | |
| Withdrawn status [LOCAL, KOHA] | 0 |
| Permanent Location | Date acquired | Koha item type | Lost status | Shelving location | Barcode | Current Location | Full call number |
|---|---|---|---|---|---|---|---|
| Library Block A | 2017-08-07 | សៀវភៅភាសាអង់គ្លេស | A086 | A15301 | Library Block A | 778 HUN 2002 A086 Or. | |
| Library Block A | 2017-08-14 | សៀវភៅភាសាអង់គ្លេស | A085 | A17260 | Library Block A | 778 HUN 2002 A085 Or. |